000 00678nam a2200253Ia 4500
003 OSt
005 20221006144052.0
006 a|||||r|||| 00| 0
007 ta
008 221006b |||||||| |||| 00| 0 eng d
020 _c10.80 (each)
024 _a10,794
037 _cTextual
040 _aEASL
_cEASL
_beng
041 _2eng
_aeng
082 _aW81:1941.N34, L8;2
100 _aWEI Kuo-Iu
_9650821
245 0 _aOn the long March as guard to Chou En-Lai
260 _aPeking
_bForeign Languages Press
_c1978
300 _a104p.
_ccm.
490 _v CEL
942 _hW81:1941.N34, L8;2
_cTEXL
_2CC
999 _c1078880
_d1078880